O falar de Barroso (Registo nº 201374)
[ vista simples ]
| 000 -Etiqueta do registo | |
|---|---|
| Valores | 00621nam 22002053 4500 |
| 010 ## - Número ISBN | |
| ISBN | 972-9001-51-0 |
| 021 ## - Número do Depósito Legal | |
| Número | 176645/2002 |
| 100 ## - Dados gerais de processamento | |
| Dados gerais | 20260318d u||y0pory50 ba |
| 200 ## - Titulo e menção de responsabilidade | |
| Título próprio | O falar de Barroso |
| Informação de outro título | o homem e a linguagem |
| Primeira menção de responsabilidade | Rui dias Guimarães |
| Outras menções de responsabilidade | prefácios de Jorge Morais Barbosa, António Lourenço Fontes |
| 210 ## - Publicação | |
| Local de publicação | Viseu |
| Nome do editor | João Azevedo Editor |
| Data de publicação | 2002 |
| 215 ## - Descrição física | |
| Paginação / Volumes | 670 p. |
| Outras indicações físicas | brochado |
| Dimensões | 24 cm |
| 610 ## - Termos não controlados | |
| Palavra de ordem | fonética |
| 610 ## - Termos não controlados | |
| Palavra de ordem | léxico |
| 675 ## - CDU | |
| Notação | 80 |
| Edição | PT |
| Língua | por |
| 700 ## - Autor principal (pessoa individual) | |
| ID Autoridade | 16897 |
| Apelido | Guimarães |
| Nome | Rui Dias |
| 801 ## - Fonte de origem | |
| País | PT |
| Agência | BMMN |
| Regras de catalogação | RPC |
| 830 ## - Notas gerais do catalogador | |
| Criado por | Fernando |
| Indexado por | Fernando |
| 990 ## - Elementos KOHA | |
| Tipo de documento | Livro |
Não há exemplares disponíveis.